LEADER 01200nam a2200265 i 4500 001 000000156481 003 CaOOAMICUS 005 20070122000000.0 008 070122n it u000 u ita u 013 $a133836 040 $aSeMil$bita 100 1 $aGemelli, Agostino,$c.$0(OLS)http://semarc/name/2238 245 13$aIl problema sessuale dei giovani dal punto di vista familiare e sociale /$cAgostino Gemelli. 260 $aTorino :$bLICE-Berruti & C.,$c[19--] 300 $a32 p. ;$c23 cm. 490 0 $aQuaderni di medicina e morale ;$v16. 500 $aEstratto dalla Rivista "Medicina e morale". 650 4$aGiovani - Comportamento sessuale.$0(OLS)http://semarc/subject/15783 650 4$aSesso - Psicologia.$0(OLS)http://semarc/subject/4714 830 0$aQuaderni di medicina e morale ;$v16.$0(OLS)http://semarc/title/9399 850 $aSeMil 852 $aSeMil$W1$xVenegono$y1$m5D IV 5/6 =$j108244$B108244$CSeMilBibl$Z2$F119136 $81 961 $aRecupero: Altro 996 $6245$aIl problema sessuale dei giovani dal punto di vista familiare e sociale$9(OLS)http://semarc/title/229362 996 $6260$aTorino :$bLICE-Berruti & C.$9(OLS)http://semarc/publisher/32683 LEADER 01485nam a2200301 i 4500 001 000000136299 003 CaOOAMICUS 005 20050322000000.0 008 050322s1982 it u000 u ita u 013 $a109791 040 $aSeMil$bita 100 1 $aCollin de Plancy, J.-A.-S.$0(OLS)http://semarc/name/55498 240 10$aDictionnnaire critique des reliques et des images miraculeuses.$0(OLS)http://semarc/title/199180 245 10$aDizionario critico delle reliquie e delle immagini miracolose /$cJ.-A.-S. Collin de Plancy ; Introduzione di Alfonso M. Di Nola ; nota bibliografica di Ireneo Bellotta. 260 $aRoma :$bNewton Compton,$cCopyr. 1982. 300 $a240 p. :$bill. ;$c21 cm. 490 0 $aMagia e religioni ;$v7 500 $aContiene : Bibliografia. 650 4$aReliquie - Dizionari.$0(OLS)http://semarc/subject/26828 650 4$aImmagini sacre - Dizionari.$0(OLS)http://semarc/subject/26829 700 1 $aBellotta, Ireneo.$0(OLS)http://semarc/name/55499 700 1 $aDi Nola, Alfonso Maria <1926-1997>.$0(OLS)http://semarc/name/6286 830 0$aMagia e religioni ;$v7.$0(OLS)http://semarc/title/7914 850 $aSeMil 852 $aSeMil$W1$xVenegono$y1$m3K II 33$j89917$B89917$CSeMilBibl$Z2$F95566 $81 961 $aOmaggio: Martini Card. Carlo Maria 996 $6245$aDizionario critico delle reliquie e delle immagini miracolose$9(OLS)http://semarc/title/199179 996 $6260$aRoma :$bNewton Compton$9(OLS)http://semarc/publisher/31452